000 01019cam a22003138a 4500
001 4453822
005 20151112111534.0
008 860417s1985 flu b 001 0 eng
010 _a85000627
020 _a0813008174 (alk. paper)
035 _a(OCoLC)11621733
035 _a(OCoLC)ocm11621733
035 _a(NNC)4453822
040 _dCStRLIN
_dNNU
050 0 _aQ174.8
_b.A44 1985
090 _aQ174.8
_b.A44 1985
100 1 _aAlford, C. Fred.
_921052
245 1 0 _aScience and the revenge of nature :
_bMarcuse & Habermas /
_cC. Fred Alford.
260 _aGainesville, FL :
_bUniversity Presses of Florida,
_cc1985.
263 _a8507
300 _ax, 226 p. ;
_c24 cm.
500 _aIncludes index.
504 _aBibliography: p. 199-210.
600 1 0 _aMarcuse, Herbert,
_d1898-1979
_xContributions in science.
_921053
600 1 0 _aHabermas, Jürgen
_xContributions in science.
_921054
650 0 _aScience
_xPhilosophy
_xHistory
_y20th century.
_919052
942 _2lcc
_cMONOGRAPH
999 _c123775
_d123775